00670nam a2200241Ia 450000500170000000800460001702000180006303700100008104000080009104000080009904000080010704100080011504100080012308400080013124500580013926000310019726000090022865000200023785600490025794200100030699900210031695200910033720260306150706.0008 260114s9999 xx 000 0 eng d a9780691214597 aEbook aCRL beng cCRL 2eng aeng qCRL 0aCollected Works of C. G. Jung, Supplementary Volume A bPrinceton University Press c1984 aSocial Sciences uhttps://www.degruyter.com/isbn/9780691214597 cEBOOK c1698832d1698832 00104070aCRLbCRLd2026-03-06l0pCL2000368r2026-03-06 15:07:06w2026-03-06yEBOOK